Gares sur la ligne de Tours à Alençon - Statistiques

Statistiques générales
  • Ce quiz a été pris 20 fois
  • Le résultat moyen est 8 sur 21
Statistiques - réponses
Département Gare % Correct
(72) Le Mans
94%
Orne (61) Alençon
88%
Indre-et-Loire (37) Tours
76%
(72) Vivoin - Beaumont
53%
Sarthe (72) Château-du-Loir
41%
(72) Ecommoy
41%
(72) Arnage
35%
Sarthe (72) La Hutte - Coulombiers
35%
(72) La Guierche
29%
(72) Laigné - Saint-Gervais
29%
(72) Mayet
29%
(72) Montbizot
29%
(72) Neuville-sur-Sarthe
29%
(72) Aubigné-Racan
24%
(72) Le Mans-Hôpital-Université
24%
Indre-et-Loire (37) Saint-Paterne
24%
(72) Teillé
24%
(72) Vaas
24%
(37) La Membrolle-sur-Choisille
18%
(37) Neuillé-Pont-Pierre
18%
(37) Saint-Antoine-du-Rocher
18%
Aucun quiz correspondant
Distribution des résultats
% des personnes avec chaque résultat
Percentile par nombre de réponses
Votre historique - résultats
Vous n’avez pas pris ce quiz